| Поле | Инд. | ПП | Название | Значение |
|---|---|---|---|---|
| Тип записи | a | |||
| Библиографический уровень | a | |||
| 001 | Контрольный номер | 8486aa237cb5418f9d84c209eced261a | ||
| 005 | Дата корректировки | 20180409143759.8 | ||
| 020 | a | ISBN | 978-5-7609-0971-8 | |
| 040 | a | Служба первич. каталог. | НБ ТвГУ | |
| b | Код языка каталог. | rus | ||
| e | Правила каталог. | PSBO | ||
| 041 | 0_ | a | Код языка текста | rus |
| 097 | b | Оператор | batjaeva_g | |
| 245 | 10 | a | Заглавие | Квантово-химическое проектирование эндоэдрических индийсодержащих производных бакминстерфуллеренов C60 и C70 для разработки радионуклидных наноразмерных агентов-истребителей опухолевых новообразований |
| 260 | a | Место издания | Тверь | |
| b | Издательство | Тверской государственный университет | ||
| 504 | a | Библиография | Библиогр.: с. 110-115 (61 назв.) | |
| 520 | 0_ | a | Аннотация | В данной работе проведено моделирование электронной структуры и строения эндоэдрических индийсодержащих бакминстерфуллеренов и и моноэфира - производного гетероциклической карбоновой кислоты. |
| 653 | 0_ | a | Ключевые слова | Моделирование электронной структуры |
| a | Ключевые слова | Эндоэдрические индийсодержащие бакминстерфуллерены | ||
| a | Ключевые слова | Агенты-истребители опухолевых новообразований | ||
| 700 | 12 | a | Другие авторы | Дикусар Евгений Анатольевич |
| q | Полное имя | Дикусар Е. А. | ||
| 700 | 12 | a | Другие авторы | Зеленковский Владимир Михайлович |
| q | Полное имя | Зеленковский В. М. | ||
| 700 | 12 | a | Другие авторы | Пушкарчук Александр Леонидович |
| q | Полное имя | Пушкарчук А. Л. | ||
| 700 | 12 | a | Другие авторы | Поткин Владимир Иванович |
| q | Полное имя | Поткин В. И. | ||
| 700 | 12 | a | Другие авторы | Рудаков Дмитрий Александрович |
| q | Полное имя | Рудаков Д. А. | ||
| 700 | 12 | a | Другие авторы | Килин Сергей Яковлевич |
| q | Полное имя | Килин С. Я. | ||
| 700 | 12 | a | Другие авторы | Солдатов Александр Геннадьевич |
| q | Полное имя | Солдатов А. Г. | ||
| 700 | 12 | a | Другие авторы | Кутень Семен Адамович |
| q | Полное имя | Кутень С. А. | ||
| 700 | 12 | a | Другие авторы | Хмелевский Анатолий Николаевич |
| q | Полное имя | Хмелевский А. Н. | ||
| 700 | 12 | a | Другие авторы | Бабичев Леонид Филиппович |
| q | Полное имя | Бабичев Л. Ф. | ||
| 773 | 18 | w | Контрольный № источника | 9994464931ab44c0bbc2935be4440591 |
| t | Название источника | Физико-химические аспекты изучения кластеров, наноструктур и наноматериалов | ||
| d | Место и дата издания | Тверь : Тверской государственный университет, 2014 | ||
| g | Прочая информация | Вып. 6. - С. 105-115 | ||
| 856 | 40 | u | URL | http://texts.lib.tversu.ru/texts/11592t.pdf |
| x | Примечание для ЭОР | Справка УИС 2016 | ||
| i | Дата подключения ЭОР | 20170414 | ||
| x | Примечание для ЭОР | Реестр суммарного учета сетевых локальных документов | ||
| 900 | a | Имя макрообъекта | 11592t | |
| 901 | t | Тип документа | a | |
| 920 | a | Оператор | Батя |